000 00482nam a2200169Ia 4500
008 090711s9999 xx 000 0 und d
082 _b41266
100 _aमेहता शशिकला
245 _aसांगु कुणा
260 _c1980
300 _a184
600 _aमेहता शशिकला
630 _aसांगु कुणा
700 _aमेहता शशिकला
730 _aसांगु कुणा
942 _cBOOK
999 _c294224
_d294224